|
|
|
|
| LEADER |
00000cam a22000004a 4500 |
| 001 |
musev2_2697 |
| 003 |
MdBmJHUP |
| 005 |
20230905040343.0 |
| 006 |
m o d |
| 007 |
cr||||||||nn|n |
| 008 |
050518s2006 txu o 00 0 eng d |
| 010 |
|
|
|z 2005014262
|
| 020 |
|
|
|a 9781603445450
|
| 020 |
|
|
|z 1585444766
|
| 020 |
|
|
|z 1603445455
|
| 020 |
|
|
|z 9781585444762
|
| 035 |
|
|
|a (OCoLC)715188265
|
| 040 |
|
|
|a MdBmJHUP
|c MdBmJHUP
|
| 043 |
|
|
|a n-us-tx
|
| 050 |
0 |
4 |
|a F391.4.A77
|b A3 2006
|
| 082 |
0 |
|
|a 976.4/063/092
|a B
|2 22
|
| 100 |
1 |
|
|a Arsht, Marjorie Meyer,
|d 1914-
|
| 245 |
1 |
0 |
|a All the Way from Yoakum :
|b The Personal Journey of a Political Insider /
|c Marjorie Meyer Arsht.
|
| 250 |
|
|
|a 1st ed.
|
| 264 |
|
1 |
|a College Station :
|b Texas A & M University Press,
|c 2006.
|
| 264 |
|
3 |
|a Baltimore, Md. :
|b Project MUSE,
|c 2012
|
| 264 |
|
4 |
|c ©2006.
|
| 300 |
|
|
|a 1 online resource (264 pages):
|b ill. ;
|
| 336 |
|
|
|a text
|b txt
|2 rdacontent
|
| 337 |
|
|
|a computer
|b c
|2 rdamedia
|
| 338 |
|
|
|a online resource
|b cr
|2 rdacarrier
|
| 500 |
|
|
|a Includes index.
|
| 505 |
0 |
|
|a Yoakum -- Rice, the Sorbonne, and New York -- Teaching, marriage, and family -- Public life -- The later years.
|
| 588 |
|
|
|a Description based on print version record.
|
| 600 |
1 |
0 |
|a Arsht, Marjorie Meyer,
|d 1914-
|
| 650 |
|
0 |
|a Jewish women
|z Texas
|v Biography.
|
| 650 |
|
0 |
|a Politicians
|z Texas
|v Biography.
|
| 610 |
2 |
0 |
|a Republican Party (Tex.)
|v Biography.
|
| 651 |
|
0 |
|a Yoakum (Tex.)
|v Biography.
|
| 651 |
|
0 |
|a Texas
|x Politics and government
|y 1951-
|
| 655 |
|
7 |
|a Electronic books.
|2 local
|
| 710 |
2 |
|
|a Project Muse.
|e distributor
|
| 830 |
|
0 |
|a Book collections on Project MUSE.
|
| 856 |
4 |
0 |
|z Texto completo
|u https://projectmuse.uam.elogim.com/book/2697/
|
| 945 |
|
|
|a Project MUSE - Custom Collection
|
| 945 |
|
|
|a Project MUSE - Archive Complete Foundation
|
| 945 |
|
|
|a Project MUSE - Archive US Regional Studies, South Foundation
|
| 945 |
|
|
|a Project MUSE - Archive Jewish Studies Foundation
|